00392nam a2200121Ia 4500008004100000082001700041100001900058245004900077260004000126365000600166630004900172730004900221100415s9999 xx 000 0 und d b8495a595.78 aRood Ronald N aThe How and Why Wonder Book of Ants and Bees aLONDONc1962bTRANSWORLD PUBLISHERS b0 aThe How and Why Wonder Book of Ants and Bees aThe How and Why Wonder Book of Ants and Bees